The Gospel As Public Truth: (Record no. 195703)

MARC details
000 -LEADER
fixed length control field 00664nam a22001937a 4500
005 - DATE AND TIME OF LATEST TRANSACTION
control field 20230418150926.0
010 ## - LCCN (DPL NO)
LC control number ENG-136704
020 ## - INTERNATIONAL STANDARD BOOK NUMBER
International Standard Book Number 9789351480365
Terms of availability 180.00
035 ## - SYSTEM CONTROL NUMBER
System control number EN-120236
037 ## - SOURCE OF ACQUISITION
Source of stock number/acquisition DBAD/PUB
082 ## - DEWEY DECIMAL CLASSIFICATION NUMBER
Classification number 226.06
100 ## - MAIN ENTRY--PERSONAL NAME
Personal name George, Samuel
245 ## - TITLE STATEMENT
Title The Gospel As Public Truth:
Statement of responsibility, etc By Samuel George
Remainder of title An Indian Multi Religious Perspective On Lesslie Newbigin/
250 ## - EDITION STATEMENT
Edition statement First
260 ## - PUBLICATION, DISTRIBUTION, ETC. (IMPRINT)
Place of publication, distribution, etc New Delhi
Name of publisher, distributor, etc Christian World Imprints
Date of publication, distribution, etc 2015
270 ## - ADDRESS
Address H-12, Bali Nagar
City New Delhi
Postal code 110015
Telephone number +911125465325
Electronic mail address info@christianworldimprints.com
300 ## - PHYSICAL DESCRIPTION
Extent xxiii,112p.;
Dimensions 21cm(pbk)
Other physical details index
942 ## - ADDED ENTRY ELEMENTS (KOHA)
Source of classification or shelving scheme Dewey Decimal Classification
Item type English Books
Call number suffix GEO
Classification part 226.06
Holdings
Withdrawn status Lost status Not for loan Collection code Home library Current library Date acquired Source of acquisition Cost, normal purchase price Full call number Barcode Copy number Cost, replacement price Koha item type
      Non-fiction Shahdara Branch Shahdara Branch 18/04/2023 DBAD/PUB 180.00 226.06 GEO EN-120236 1 180.00 English Books

© Delhi Public Library
Hit Counter
free hit counter